[Event "29th British Rapid 2015"]
[Site "Leeds ENG"]
[Date "2015.11.01"]
[Round "11.2"]
[White "Ghasi, Ameet K"]
[Black "Mason, Donald J"]
[Result "1-0"]
[WhiteTitle "IM"]
[WhiteElo "2469"]
[BlackElo "2151"]
[WhiteFideId "409200"]
[BlackFideId "405116"]
[EventDate "2015.10.31"]

1. Nf3 Nf6 2. g3 g6 3. Bg2 Bg7 4. O-O O-O 5. d3 d6 6. e4 c5 7. Re1 Nc6 8. c3 Bg4
9. h3 Bxf3 10. Qxf3 Rb8 11. Be3 Nd7 12. a4 a6 13. Qd1 e5 14. Nd2 f5 15. exf5
gxf5 16. f4 Kh8 17. Nc4 Qf6 18. Qh5 Qe6 19. fxe5 dxe5 20. Bd2 e4 21. Bf4 Rbd8
22. Qe2 Nde5 23. Nxe5 Bxe5 24. dxe4 Bxf4 25. gxf4 fxe4 26. Qxe4 Qh6 27. Rad1
Rxd1 28. Rxd1 Rxf4 29. Qe2 Rf5 30. Kh1 Re5 31. Qf2 Qg7 1-0

[Event "29th British Rapid 2015"]
[Site "Leeds ENG"]
[Date "2015.11.01"]
[Round "11.3"]
[White "Ansell, Simon T"]
[Black "Keely, Leo A"]
[Result "1-0"]
[WhiteTitle "IM"]
[WhiteElo "2360"]
[BlackElo "1950"]
[WhiteFideId "402141"]
[BlackFideId "410241"]
[EventDate "2015.10.31"]

1. e4 d5 2. exd5 Nf6 3. d4 Nxd5 4. Nf3 g6 5. Bc4 Bg7 6. O-O O-O 7. c3 Nb6 8. Bb3
a5 9. a4 Nc6 10. Re1 Bg4 11. h3 Bf5 12. Bg5 h6 13. Bh4 g5 14. Bg3 e6 15. Na3 Ne7
16. Be5 Ned5 17. Bxg7 Kxg7 18. Ne5 c6 19. Nc2 Qd6 20. Qf3 Qc7 21. Rad1 Rad8 22.
Ne3 Nxe3 23. fxe3 f6 24. Ng4 Nd5 25. e4 Bxg4 26. hxg4 Nf4 27. g3 Ng6 28. Bxe6
Qb6 29. Bf5 Ne7 30. Qf2 Qc7 31. Kg2 b6 32. Rh1 c5 33. d5 Qe5 34. Rhe1 Rd6 35.
Qe3 Rfd8 36. Rb1 Re8 37. Be6 Ng6 38. b4 cxb4 39. cxb4 axb4 40. Rxb4 Rexe6 41.
dxe6 Qxe6 42. Rd4 Rc6 43. Rc1 Ne5 44. Rxc6 Qxc6 45. Qe2 Qc3 46. Rd6 Qb4 47. Rd1
Qxa4 48. Kh3 Qb4 49. Ra1 Qe7 50. Ra6 Qd7 51. Rxb6 h5 52. Kg2 hxg4 53. Qf2 Nf3
54. Qb2 Qd4 55. Qxd4 Nxd4 56. Kf2 Nf3 57. Ke3 Ne5 58. Kd4 Kf7 59. Kd5 Kg6 60.
Ke6 Nc4 61. Ra6 Nd2 62. e5 fxe5 63. Kxe5+ Kh5 64. Ra2 Nf3+ 65. Kf6 Kh6 66. Ra1
Kh7 67. Rh1+ Kg8 68. Kf5 Nd2 69. Kxg4 Kg7 70. Kxg5 Ne4+ 71. Kf4 Nf2 72. Ra1 Nd3+
73. Kf5 Nc5 74. g4 Nb3 75. Ra7+ Kf8 76. Kf6 Kg8 77. g5 Nc5 78. Re7 Kf8 79. g6 1-0

[Event "29th British Rapid 2015"]
[Site "Leeds ENG"]
[Date "2015.11.01"]
[Round "11.4"]
[White "McPhillips, Joseph"]
[Black "Fernandez, Daniel Howard"]
[Result "0-1"]
[BlackTitle "IM"]
[WhiteElo "2368"]
[BlackElo "2476"]
[WhiteFideId "422487"]
[BlackFideId "5801605"]
[EventDate "2015.10.31"]

1. e4 c6 2. d4 d5 3. Nc3 dxe4 4. Nxe4 Nd7 5. Nf3 Ngf6 6. Nc3 Nd5 7. Nxd5 cxd5 8.
Bd3 g6 9. O-O Bg7 10. Re1 O-O 11. c3 Nf6 12. h3 Bf5 13. Qc2 Bxd3 14. Qxd3 Ne4
15. Ng5 Nd6 16. Nf3 e6 17. Bg5 Qb6 18. Be7 Rfc8 19. Bxd6 Qxd6 20. Ne5 a6 21. Qf3
Bxe5 22. Rxe5 b5 23. a3 a5 24. Ree1 Kg7 25. g3 Ra7 26. Qd3 Rb7 27. Rec1 b4 28.
cxb4 Rxc1+ 29. Rxc1 axb4 30. a4 b3 31. Rc5 Rb4 32. a5 Qb8 33. a6 Ra4 34. Rb5 Qa7
35. Rxb3 Qxa6 36. Qxa6 Rxa6 37. Rb4 Ra1+ 38. Kg2 Re1 39. Rb3 Rd1 40. Rb4 Kf6 41.
Kf3 Re1 42. Rb3 h6 43. h4 g5 44. hxg5+ Kxg5 45. Rb7 Kg6 46. Rb3 h5 47. Rd3 Kf5
48. Rb3 f6 49. Rd3 Rb1 50. Rd2 Re1 51. Rd3 Rh1 52. Rd2 Rb1 53. Ke3 Kg4 54. Ke2
Ra1 55. Rc2 Ra4 56. Ke3 Rb4 57. Rd2 Rb3+ 58. Ke2 Rb5 59. Ke3 e5 60. dxe5 fxe5
61. Kd3 Kf3 62. Kc3 Rc5+ 63. Kd3 Rc4 64. Re2 e4+ 65. Kd2 Rc2+ 66. Kxc2 Kxe2 67.
b4 d4 68. b5 d3+ 69. Kc3 d2 70. b6 d1=Q 71. b7 Qd8 72. Kc4 Kxf2 73. Kc5 Kxg3 74.
Kc6 e3 75. Kb5 e2 76. Ka6 Qb8 77. Kb6 h4 78. Kc6 h3 79. Kd7 h2 80. Kc6 h1=B+ 81.
Kc5 e1=B 82. Kb5 Qxb7+ 83. Kc4 Qd5# 0-1